000 00566nam a2200217 a 4500
003 IIN
005 20250328113028.0
008 250328s9999 xx ad 001 0 eng d
020 _cRs. 985.00
_a9788131264850
020 _aeISBN: 9788131264867
040 _aIIN
_bEnhlish
082 _a611
_bSIN
100 1 _aSingh, Vishram
245 1 _aTextbook of Anatomy /
_bHead, Neck and Brain
_cVishram Singh
250 _a4th ed
260 _aNew Delhi :
_bElsevier,
_c2023
300 _axx, 436 p./ V.3
500 _aIncludes Index
650 1 _aAnatomy
942 _cBOOK
999 _c1709
_d1709